Central Library OPAC University of Rajshahi

Stoichiometry / (Record no. 20108)

MARC details
000 -LEADER
fixed length control field 01184nam a22003012 4500
001 - CONTROL NUMBER
control field 20108
003 - CONTROL NUMBER IDENTIFIER
rucl marc code BD-RjUL
005 - DATE AND TIME OF LATEST TRANSACTION
control field 20211209000524.0
008 - FIXED-LENGTH DATA ELEMENTS--GENERAL INFORMATION
fixed length control field 140226s1976 ii 001 0 eng d
035 ## - SYSTEM CONTROL NUMBER
System control number BD-RjUL)20170
040 ## - CATALOGING SOURCE
Original cataloging agency DLC
Transcribing agency TOL
Modifying agency EQO
-- BD-RjUL
Language of cataloging eng
041 ## - LANGUAGE CODE
Language code of text/sound track or separate title eng
082 04 - DEWEY DECIMAL CLASSIFICATION NUMBER
Classification number 660.76
Author mark and year BAS 1976
100 1# - MAIN ENTRY--PERSONAL NAME
Personal name Bhatt, B. L
Dates associated with a name 1857-
9 (RLIN) 61935
245 10 - TITLE STATEMENT
Title Stoichiometry /
Statement of responsibility, etc. by B. L. Bhatt and S. M. Vora
260 ## - PUBLICATION, DISTRIBUTION, ETC. (IMPRINT)
Place of publication, distribution, etc. London ;
-- New York ;
-- Bombay ;
-- Calcutta :
Name of publisher, distributor, etc. Longmans, Green, and co.,
Date of publication, distribution, etc. 1976
300 ## - PHYSICAL DESCRIPTION
Pagination lxi, 398, [1] p. :
Illustrations illus., tables, diagrs. ;
Size 20 cm.
490 1# - SERIES STATEMENT
Series statement Text-books of physical chemistry
500 ## - GENERAL NOTE
General note "This introduction was originally prefixed to Dr. Findlay's 'Phase rule', which was the first volume of the series issued. It belongs properly, however, to this volume, and is therefore included here."-- Note, p. vii.
General note Introduction issued also separately in 1904.
504 ## - BIBLIOGRAPHY, ETC. NOTE
Bibliography, etc Includes Index
650 #0 - SUBJECT ADDED ENTRY--TOPICAL TERM
Topical term or geographic name as entry element Chemistry, Physical and theoretical.
9 (RLIN) 61936
700 1# - ADDED ENTRY--PERSONAL NAME
Personal name Vora, S. M.
Dates associated with a name 1852-1916.
830 #0 - SERIES ADDED ENTRY--UNIFORM TITLE
Uniform title Text-books of physical chemistry
942 ## - ADDED ENTRY ELEMENTS (KOHA)
Source of classification or shelving scheme Dewey Decimal Classification
Koha item type Books
Holdings
Lost status Source of classification or shelving scheme Damaged status Not for loan Collection code Permanent Location Current Location Shelving location Date acquired Source of acquisition Cost, normal purchase price Total Checkouts Full call number Date last seen Copy number Koha item type
  Dewey Decimal Classification     Non-fiction Central Library, University of Rajshahi Central Library, University of Rajshahi   27/02/1979 India Int. Cal. 29.25   660.76 BAS 1976 26/02/2014 C-2 Books